[Event "EICC 2017"]
[Site "Minsk"]
[Date "2017.06.01"]
[Round "3"]
[White "Wagner, Dennis"]
[Black "Bacrot, Etienne"]
[Result "0-1"]
[WhiteElo "2571"]
[BlackElo "2696"]
[Annotator "TA"]
[PlyCount "162"]
[EventDate "2017.??.??"]
[EventCountry "BLR"]
[SourceTitle "playchess.com"]
[Source "ChessBase"]
[SourceQuality "1"]

{[%evp 19,162,25,18,19,23,14,25,14,9,25,25,16,22,25,21,27,41,34,30,4,45,9,33,7,0,15,47,0,0,0,0,0,0,0,0,0,0,0,0,-63,-60,-56,-77,-162,0,-83,-80,-87,-83,-85,-80,-93,-84,-333,-320,-357,-337,-433,-408,-377,-120,-211,-204,-260,0,-220,-217,-218,-213,-213,-216,-210,-210,-193,-156,-175,-156,-164,-150,-245,-223,-211,-220,-231,-231,-231,-181,-231,-231,-238,-232,-234,-231,-229,-229,-474,-474,-444,-431,-399,-256,-347,-311,-475,-420,-613,-615,-607,-603,-596,-587,-506,-558,-697,-664,-703,-664,-622,-227,-877,-756,-989,-864,-12844,-12839,-12846,-12846,-12847,-12847,-12847,-12845,-12847,-12847,-12847,-12846,-12846,-12847,-12848,-12848,-12849,-12849,-12850,-12850,-29998,-29999]} 1. e4 e5 2. Nf3 Nc6 3. Bc4 Bc5 4. c3 Nf6 5. d3 d6 6. a4 {C54: Giuoco Piano: 4 c3 Nf6, main lines with 5 d4 and 5 d3} a6 7. O-O Ba7 8. Re1 h6 9. Nbd2 {[%cal Bb1d2,Bd2f1,Bf1g3][%mdl 32]} (9. Be3 Bxe3 10. Rxe3 O-O 11. Nbd2 Re8 12. d4 exd4 13. cxd4 Bg4 14. Qb3 Qd7 {0-1 (69) Kramnik,V (2811)-Mamedyarov,S (2772) Shamkir 2017}) 9... O-O 10. h3 Ne7 {LiveBook: 10 Games} 11. Nf1 Ng6 12. Ng3 c6 13. Bb3 d5 14. exd5 Nxd5 (14... Qb6 $2 15. Be3 $18) 15. d4 exd4 16. Nxd4 {[#]} Bd7 $146 17. Bxd5 cxd5 18. Be3 f5 19. f4 (19. Ne6 $5 Bxe6 20. Bxa7 $14) 19... Kh7 20. Qf3 Qh4 21. Nge2 ({Don't blunder} 21. Qxd5 $2 Qxg3 22. Qxb7 (22. Qxd7 $2 Nh4 $19) 22... Rfd8 $19) 21... Rae8 22. Bf2 Qf6 23. Qxd5 (23. Nb3 $5 {[%cal Rf2a7]} Bb8 24. g3 $14) 23... Bc6 $1 {[%cal Rc6d5]} 24. Nxc6 Bxf2+ 25. Kxf2 bxc6 26. Qd4 Qh4+ 27. Kg1 Re4 28. Qf2 $1 Rfe8 29. a5 (29. Rad1 $11) 29... Qe7 {[%cal Re4e2][%mdl 1024] Black has compensation.} (29... c5 $5) 30. Kf1 Qb7 $36 {[%mdl 2048] Black has strong initiative.} 31. Qb6 (31. Nd4 $17 {was necessary.}) 31... Qe7 ({Better is} 31... Qf7 $1 $19 32. Qf2 (32. Qxc6 $2 Qe7 $19) (32. Qxa6 Qe6 $17) 32... Qd5) 32. Qf2 $17 Qf7 33. Rad1 Qc4 {[%cal Re4f4]} 34. Rd4 Qb5 35. b4 Re3 36. h4 $2 (36. Rd6 $17) 36... Rxc3 $19 37. h5 Nf8 $1 {[%cal Bg6f8,Bf8d7,Bd7f6][%mdl 32]} 38. Red1 Rce3 39. R1d2 R8e7 $2 (39... Kg8 $19 {is more deadly. Hoping for ...Nh7.} 40. Rb2 Nh7) 40. Rc2 (40. Rd8 $17 {was the only defense.} Qxb4 41. Kg1) 40... Qa4 41. Rdc4 Qb5 $2 (41... Nd7 $19 {...Nf6 is the strong threat.} 42. Qe1 Nf6) 42. Kg1 $2 (42. Rd4 $1 $11) 42... Nd7 $1 43. Ng3 Nf6 44. Nf1 Re1 45. Rc1 Rxc1 46. Rxc1 Qxb4 47. Rxc6 Nxh5 48. Qc5 Qe4 49. Qc4 (49. g3 $17) 49... Nxf4 {[%csl Gf4][%cal Re4g2]} 50. Qxe4 Rxe4 51. Rxa6 {[%mdl 4096] Endgame [#] KRN-KRN} Re2 $1 52. g3 Nh3+ 53. Kh1 Ng5 54. Rc6 Ne4 55. a6 Ra2 56. Kg1 h5 57. Ne3 $2 (57. Re6) 57... Nxg3 58. Nd5 Ne2+ 59. Kf1 Nd4 60. Rb6 h4 {White must now prevent ...h3.} 61. Nb4 (61. Rb4 $142 Nf3 62. Rf4 Nd2+ 63. Ke1) 61... Ra4 62. Kg2 (62. Kf2 $142 f4 63. Kg2) 62... g5 63. Rb7+ Kg6 64. a7 {[#] And now Rb6+ would win.} Kh5 $1 65. Rd7 Nb5 66. Nc6 Ra2+ 67. Kf3 Ra3+ 68. Kf2 h3 $2 (68... g4 69. Rf7 Kg5) 69. Rb7 $2 (69. Rh7+ Kg4 70. Ne5+ Kf4 71. Nd3+ Kg4 72. Ne5+ Kf4 73. Nd3+ Kg4 74. Ne5+) 69... Ra2+ 70. Kg1 {[#]} Nxa7 $1 {[%mdl 512]} 71. Nxa7 {KRN-KR} (71. Rxa7 Rxa7) 71... Rc2 72. Rb6 g4 {[%cal Bg5g4,Bg4g3][%mdl 32]} 73. Rb1 g3 74. Nb5 Rd2 75. Na3 Kg4 76. Nc4 Re2 77. Kf1 Re4 {( -> ...h2)} 78. Nd2 {[#]} h2 $1 {[%cal Rh2h1][%mdl 512]} 79. Kg2 Re2+ 80. Kh1 Kh3 {[%csl Ge2,Gh3][%cal Rg3g2]} 81. Rb3 Re1+ {Precision: White = 43%, Black = 68%.} 0-1

[Event "EICC 2017"]
[Site "Minsk"]
[Date "2017.06.01"]
[Round "3"]
[White "Paichadze, Luka"]
[Black "Duda, Jan-Krzysztof"]
[Result "1-0"]
[WhiteElo "2568"]
[BlackElo "2693"]
[Annotator "TA"]
[PlyCount "115"]
[EventDate "2017.??.??"]
[EventCountry "BLR"]
[SourceTitle "playchess.com"]
[Source "ChessBase"]
[SourceQuality "1"]

{[%evp 15,115,4,14,-11,7,-16,47,37,53,50,75,8,47,10,0,0,0,0,0,-71,-79,-103,0,-31,0,0,0,0,0,0,0,0,0,0,0,0,0,0,0,0,0,0,0,0,0,-28,-28,-29,-27,-5,49,0,41,42,47,40,267,260,1335,767,767,767,708,254,237,215,413,412,399,404,340,207,1064,1133,476,456,6163,5844,12499,12499,6989,0,330,0,6712,5647,5518,5518,12725,500,9000,12113,10721,11263,4986,6169,29964,29961,12849,6043,29942,11275]} 1. e4 c5 2. Nf3 d6 3. d4 cxd4 4. Qxd4 Nf6 5. Nc3 a6 6. Bg5 Nc6 7. Qd2 e6 8. O-O-O h6 {LiveBook: 15 Games. B53: Sicilian: 2...d6: Lines with Qxd4} 9. Bxf6 $146 ({Predecessor:} 9. Bh4 Be7 10. Nd4 Qb6 11. Nb3 O-O 12. Qe1 Qc7 13. f3 b5 14. a3 b4 15. axb4 Nxb4 16. g4 {0-1 (32) Vega Gutierrez,S (2395)-Vazquez Igarza,R (2603) Linares 2014}) 9... Qxf6 10. h4 Be7 (10... Qd8 $11) 11. Be2 $14 b5 12. g4 {[%cal Bg2g4,Bg4g5][%mdl 32]} g6 13. Qe3 (13. g5 $16 Qg7 14. Kb1) 13... Rb8 14. g5 Qg7 15. a3 b4 16. axb4 Rxb4 17. Nh2 (17. Nd2 $11 {keeps the balance.}) 17... Nd4 $17 18. f4 h5 (18... hxg5 $17 19. hxg5 e5) 19. Nf3 $15 Nxe2+ (19... Nxf3 {keeps more tension.} 20. Bxf3 O-O 21. e5 dxe5 22. fxe5 a5) 20. Qxe2 O-O $1 21. f5 exf5 22. exf5 Bxf5 {Strongly threatening ...Rfb8.} 23. Qxe7 {Hoping for Qe3.} Rxb2 $1 24. Qxf8+ $1 ({But not} 24. Nd4 $2 Rxc2+ $1 {[%mdl 512]} 25. Nxc2 Qxc3 $19) 24... Qxf8 25. Kxb2 {Nd4 is the strong threat.} Qb8+ 26. Kc1 {And now Nd4 would win.} Qb4 27. Nb1 $1 Qf4+ 28. Nfd2 d5 29. Kb2 a5 30. Nb3 {Black must now prevent Rd4.} Be4 31. Rhg1 Qxh4 32. Nc3 Bf3 (32... Qh2 $11 33. Nxe4 dxe4) 33. Rd3 (33. Rd4 $5 {[%cal Rd4h4]} Qf2 34. Ra1 $16) 33... Qf2 (33... Be4 $5 34. Rd2 (34. Nxe4 dxe4 35. Rd4 Kg7 $14) 34... a4 35. Nxa4 Bxc2 $14) 34. Ra1 h4 $1 35. Rxa5 Kg7 $2 ({Black should try} 35... h3 $14) 36. Nxd5 $18 Be4 $2 (36... Bxd5 37. Raxd5 Qf4) 37. Rd2 Qg1 38. Nf6 Bf5 39. Ne8+ $2 (39. Rd6 Qg2 40. Nd4 Qxg5 41. Nxf5+ gxf5 42. Ra8 Qxf6+ 43. Rxf6 Kxf6 44. Rh8) 39... Kh7 40. Nd6 Qxg5 $2 (40... h3 {keeps fighting.}) 41. Nxf5 gxf5 42. Rf2 Kg6 43. Ra6+ f6 $2 (43... Kh7 44. Ra1 Qg7+ 45. c3 Qg3) 44. Ra8 Qe3 45. Rg2+ Kf7 (45... Kh7 $142 46. Rd2 Qe6) 46. Rh8 h3 47. Rh7+ Kf8 48. Rh8+ $2 (48. Rgg7 h2 49. Rg2) 48... Kf7 $1 49. Rh7+ $2 (49. Rd2) 49... Kf8 $1 50. Rd2 Kg8 51. Rdd7 h2 {[#]} 52. Rdg7+ $1 Kf8 53. Rg2 f4 54. Rhxh2 Qe5+ 55. c3 Kf7 56. Rh7+ Ke6 57. Rh3 Kd5 58. Rf2 {Precision: White = 60%, Black = 42%.} 1-0

[Event "EICC 2017"]
[Site "Minsk"]
[Date "2017.06.01"]
[Round "3"]
[White "Santos Latasa, Jaime"]
[Black "Filipets, Egor"]
[Result "0-1"]
[WhiteElo "2567"]
[BlackElo "2328"]
[Annotator "TA"]
[PlyCount "76"]
[EventDate "2017.??.??"]
[EventCountry "BLR"]
[SourceTitle "playchess.com"]
[Source "ChessBase"]
[SourceQuality "1"]

{[%evp 15,76,58,52,46,71,70,76,76,93,93,107,104,103,55,72,45,70,61,104,92,116,81,99,-52,-55,-66,-74,-77,-58,-92,-106,-196,-147,-195,-192,-171,-195,-180,-197,-190,-213,-582,-576,-567,-557,-545,-561,-546,-560,-1083,-1008,-1502,-1056,-1033,-1003,-1268,-1231,-29972,-29974,-29973,-29974,-29956,-12091]} 1. d4 Nf6 2. c4 g6 3. Nc3 Bg7 4. e4 d6 5. h3 c5 6. d5 e5 7. Nf3 O-O 8. g4 Na6 {LiveBook: 20 Games} 9. Be3 {E90: King's Indian: Classical: Early deviations and 6 h3} Bd7 (9... Nc7 10. Nd2 a6 11. a3 Rb8 12. b4 b6 13. Be2 Nfe8 14. h4 Bf6 15. g5 Be7 16. Rb1 Bd7 {1-0 (61) Santos Latasa,J (2531)-Camarena Gimenez,R (2424) San Sebastian 2016}) 10. Nd2 Nc7 11. a3 $146 {White is better.} ({Predecessor:} 11. Be2 a6 12. a4 Rb8 13. a5 b5 14. axb6 Rxb6 15. b3 Nfe8 16. Bd3 {1-0 (34) Lin,Y (2077)-Gu,J (1850) Zhongshan 2015}) 11... Nfe8 12. Bd3 Kh8 13. Rb1 b6 14. b4 f5 15. gxf5 gxf5 16. exf5 e4 17. Ndxe4 Bxf5 18. Qc2 {[%cal Rb4c5]} Qh4 19. Kd2 $2 (19. bxc5 $16 dxc5 20. Bg5) 19... b5 $1 $15 20. cxb5 (20. bxc5 $6 bxc4 21. Bxc4 dxc5 $14) 20... c4 21. Bxc4 Nf6 22. f3 {[#] Rbf1 is the strong threat.} Rac8 $1 $36 {[%mdl 2048] Strongly threatening ...Ncxd5. Black is in control.} 23. Qd3 (23. Qb3 $17 {only move.}) 23... Ncxd5 24. Bxd5 Rxc3 $1 25. Qxc3 (25. Kxc3 $2 {loses.} Nxe4+ 26. Kb3 (26. Kc2 $2 Nf2 $19) 26... Nc5+ 27. bxc5 Bxd3 $19) 25... Nxd5 26. Qd3 Nxe3 27. Kxe3 {[#]} Bg6 $1 {Threatens to win with ...d5!} 28. Rhg1 $2 ({Don't play} 28. Ke2 Re8 $17) (28. Rhf1 Re8 29. Rbe1 (29. Qxd6 $2 Bxe4 30. Qd7 Bg6+ 31. Qxe8+ Bxe8 $19)) 28... Qf4+ $19 29. Ke2 Qh2+ 30. Kf1 d5 31. Rxg6 dxe4 32. Qxe4 {Hoping for Rg2.} hxg6 33. Re1 Qg3 34. Re3 Rc8 35. Re1 Qxh3+ 36. Ke2 Qg2+ {Black mates.} 37. Ke3 Bh6+ 38. f4 Qxe4+ {Precision: White = 41%, Black = 81%.} 0-1

[Event "EICC 2017"]
[Site "Minsk"]
[Date "2017.06.01"]
[Round "3"]
[White "Zhigalko, Andrey"]
[Black "Zarubitski, Viachaslau"]
[Result "0-1"]
[WhiteElo "2566"]
[BlackElo "2325"]
[Annotator "TA"]
[PlyCount "120"]
[EventDate "2017.??.??"]
[EventCountry "BLR"]
[SourceTitle "playchess.com"]
[Source "ChessBase"]
[SourceQuality "1"]

{[%evp 12,120,23,12,21,14,29,11,27,11,27,-14,22,12,39,7,25,16,13,17,31,35,58,0,0,0,0,0,0,0,0,-91,-62,-77,-50,-62,-70,-66,-66,-66,-45,-49,-55,-74,-68,-84,-70,-91,-91,-91,-91,-86,-91,-87,-89,-86,-83,-114,-102,-129,-118,-111,-111,-108,-116,-115,-87,-102,-105,-122,-80,-89,-83,-94,-91,-122,-127,-122,-120,-172,-162,-189,-173,-177,-166,-271,-264,-414,-408,-1302,-580,-1225,-1244,-1147,-1025,-1591,-2500,-5085,-1916,-29980,-29981,-29981,-29982,-29982,-29983,-29983,-29984,-29989,-29989,-29989,-29990]} 1. c4 c6 2. Nf3 Nf6 3. Nc3 d5 4. e3 g6 5. d4 Bg7 6. h3 O-O 7. Bd3 b6 {D94: Grünfeld: 4 Nf3 Bg7 5 e3} 8. O-O Bb7 9. Qe2 Nbd7 {The position is equal.} 10. Rd1 Re8 $146 ({Predecessor:} 10... Qc7 11. b3 e5 12. dxe5 Nxe5 13. Nxe5 Qxe5 14. Bb2 dxc4 15. Bxc4 Qe7 16. Ba6 Rfd8 17. Bxb7 Qxb7 18. Rxd8+ Rxd8 19. Rd1 {½-½ (19) Khairullin,I (2634)-Ni,H (2646) Olginka 2011}) 11. Ne5 Qc7 12. f4 c5 13. Bd2 Rac8 14. b3 Red8 15. Rac1 Qb8 16. Be1 Nf8 17. Bh4 ({Better is} 17. dxc5 $14 Rxc5 18. cxd5) 17... cxd4 $11 18. exd4 Ne6 19. Qf2 Nxd4 20. cxd5 Nf5 $1 ({But not} 20... Nxd5 $6 21. Nxd5 Rxd5 22. Bc4 $16 (22. Rxc8+ Qxc8 23. Bc4 Nf3+ 24. Qxf3 Rxe5 $14)) 21. Bc4 (21. Bxf5 $11 {keeps the balance.} gxf5 22. Bxf6 Bxf6 23. Qe3) 21... Nxh4 (21... Ne8 {keeps more tension.} 22. a4 a6 23. Qe1 Bxe5 24. fxe5 Nxh4 25. Qxh4 Qxe5 26. Re1 Qf6) 22. Qxh4 b5 (22... a6 $5 {[%cal Rb6b5]} 23. d6 e6 $11) 23. Nxb5 Bxd5 24. Qf2 Bxc4 25. bxc4 {[#] Hoping for Rxd8+.} Rxd1+ 26. Rxd1 Ne4 $1 {[%csl LRe5,LRf2][%cal Bf6e4,Be4c5,Bc5e6][%mdl 32]} 27. Qd4 Nc5 28. Qe3 Bxe5 29. fxe5 Ne6 30. Qxa7 Qxa7+ 31. Nxa7 Rxc4 $17 {[%mdl 4096] Endgame KRN-KRN} 32. Nb5 Rc5 33. a4 Rxe5 34. Ra1 Nc5 35. Nc3 Nb3 36. Rb1 Na5 37. Rb8+ Kg7 38. Ra8 Rc5 39. Nb5 Nc4 40. Ra7 e5 {[%cal Be7e5,Be5e4][%mdl 32]} 41. Kf2 e4 42. Ke2 Kf6 43. Nc3 Nd6 44. Kd2 Ke6 45. Ra6 (45. Ne2 $17 {was worth a try.}) 45... Ke5 {[#] Threatens to win with ...e3+!} 46. Rxd6 {Rd7 is the strong threat.} Rxc3 $1 $19 {KR-KR} 47. Rd7 Rg3 {White must now prevent ...f5.} 48. Rxf7 (48. Re7+ $142 Kd5 49. Rxf7) 48... Rxg2+ 49. Ke1 (49. Ke3 {keeps fighting.} Rg3+ 50. Kf2 Rxh3 51. Re7+ Kf4 52. Rf7+ Ke5 53. Re7+ Kf4 54. Rf7+ Kg4 55. Re7) 49... h5 50. a5 (50. Rf2 $142 Rg3 51. h4) 50... Ra2 51. Rg7 Kf5 52. Rf7+ Kg5 53. Ra7 Kh4 54. Kf1 g5 {[%cal Bg6g5,Bg5g4,Bg4g3][%mdl 32]} 55. a6 Kxh3 {Black mates.} 56. Rh7 h4 57. a7 g4 58. Rf7 g3 59. Kg1 Ra1+ 60. Rf1 Rxa7 {Precision: White = 44%, Black = 75%.} 0-1

[Event "EICC 2017"]
[Site "Minsk"]
[Date "2017.06.01"]
[Round "3"]
[White "Donchenko, Alexander"]
[Black "Mamedov, Rauf"]
[Result "1/2-1/2"]
[WhiteElo "2563"]
[BlackElo "2689"]
[Annotator "TA"]
[PlyCount "125"]
[EventDate "2017.??.??"]
[EventCountry "BLR"]
[SourceTitle "playchess.com"]
[Source "ChessBase"]
[SourceQuality "1"]

{[%evp 25,125,3,0,-7,13,9,28,13,19,20,27,27,41,49,57,49,44,17,76,76,76,76,77,76,75,69,69,69,69,69,72,77,123,121,133,128,175,39,129,122,146,172,193,0,25,0,0,0,0,0,0,0,0,0,0,-62,-48,-52,-62,-53,-50,-55,-43,-61,-27,-180,-103,-381,-2,-8,-13,-18,0,0,0,0,0,0,0,0,0,-9,0,-10,0,-9,0,0,0,0,0,0,0,0,0,0,0,0,0,0,0,0]} 1. d4 d5 2. c4 c6 3. Nf3 Nf6 4. e3 Bf5 5. Nc3 e6 6. Nh4 Be4 7. f3 Bg6 8. Qb3 Qc7 9. Bd2 {D12: Slav Defence: 3 Nf3 Nf6 4 e3 Bf5} Be7 (9... a6 10. Rc1 dxc4 11. Bxc4 Nbd7 12. a4 Be7 13. g3 Bh5 14. O-O O-O 15. Ng2 Rad8 16. Nf4 Kh8 {½-½ (34) So,W (2822)-Caruana,F (2817) chess.com INT 2017}) 10. cxd5 cxd5 11. Nxg6 hxg6 12. O-O-O Nc6 13. Kb1 a6 {LiveBook: 26 Games} 14. Rc1 Rc8 15. Bd3 Nd7 (15... Na5 $5 {[%cal Ra5b3]} 16. Qa4+ Nc6 $11) 16. Ne2 b5 {[#]} 17. a4 $146 ({Predecessor:} 17. e4 Nb6 18. exd5 exd5 19. Ba5 Nxa5 20. Rxc7 Nxb3 {½-½ (20) Lysyj,I (2643)-Mamedov,R (2688) Moscow 2017}) 17... bxa4 $1 18. Qxa4 Nb6 19. Qxa6 Ra8 20. Qb5 Kd7 $1 21. Rc3 Rhc8 (21... Na4 $11 {remains equal.} 22. Rxc6 Qxc6) 22. Rhc1 $1 $16 (22. Kc2 Na4 $17) 22... Qa7 {Hoping for ...Qa2+.} 23. Rxc6 Qa2+ 24. Kc2 Rxc6+ 25. Kd1 Nc4 26. Bxc4 $1 $40 {[%mdl 128] White mounts an attack.} dxc4 27. d5 exd5 {And now ...Qa4+ would win.} 28. Nd4 $1 Qa6 29. Qxd5+ Rd6 30. Qxf7 c3 31. bxc3 (31. Rxc3 $18 Rb8 32. Ra3 (32. Qxg7 Rxb2 33. Ke1 Qa1+ 34. Ke2 Qa6+ 35. Ke1 Qa1+ 36. Rc1 Rb1 $11)) 31... Rh8 (31... Rf6 $1 $14 32. Qd5+ (32. Qxg7 $2 Qf1+ 33. Be1 Qd3+ 34. Bd2 Ra2 $19) 32... Rd6) 32. Rb1 {Strongly threatening h3.} (32. Qxg7 Rxh2 33. Qe5 Rxg2 $19) 32... Rxh2 33. Rb8 {White threatens Qe8+ and mate.} Kc7 {[%cal Bd7c7,Bc7c8,Bc8b8][%mdl 32]} 34. Qe8 $2 (34. Rb5 $18 Rh1+ 35. Kc2 (35. Ke2 Kd7 $14) 35... Qa4+ 36. Rb3) 34... Bd8 $1 $11 35. Rb2 (35. Rb4 $5 {[%cal Rd4b5]} Kc8 36. Kc2 Qa2+ 37. Rb2 $11) 35... Kc8 {...Qd3 is the strong threat.} 36. Rb5 Rxg2 37. Rc5+ Kb8 38. Rb5+ $1 Ka8 {White must now prevent ...Qa4+.} (38... Kc8 $5 39. Rc5+ $8 Kb8 40. Rb5+ Ka8 41. Qe4+ Ka7 $11) 39. Qe4+ Ka7 40. Rb1 ({White should play} 40. Rb4 $11 Qa1+ 41. Bc1) 40... Rg1+ $15 41. Kc2 Rxb1 $1 42. Kxb1 Qa4 43. Kc1 Rb6 {( -> ...Qa1+)} 44. Be1 $1 Bf6 45. Bg3 $2 {[#]} (45. Qd5 $11) 45... Qc4 (45... Qa3+ $1 $19 46. Kd2 Rb2+ 47. Nc2 Qxc3+ 48. Kd1 Kb6) 46. Kc2 $2 {[%mdl 8192] [#]} (46. Qc2 $17 {might work better.}) 46... Qa2+ $2 (46... Bxd4 $1 $19 47. Qxd4 Qe2+ 48. Kc1 Qf1+ 49. Kc2 Qg2+ 50. Kd3 Qxg3 51. Qa4+ Kb7 52. Qe4+ Kc7 53. Qc4+ Rc6 54. Qf7+ Kb6 55. Qb3+ Kc5 56. Qb4+ Kd5 57. Qb5+ Kd6) 47. Kd3 $11 {Black should prevent Nc6+.The position is equal.} Qa6+ 48. Kc2 Qa2+ 49. Kd3 {Threatening Nc6+.} Qb1+ 50. Kc4 Qf1+ 51. Kc5 {Threatens to win with Nc6+.} Bxd4+ $1 52. Kxd4 {[%mdl 4096] Endgame KQR-KQB} Qd1+ 53. Kc4 Qa4+ 54. Kd3 Qd1+ 55. Kc4 Qd7 56. Qd5 Rc6+ 57. Kd4 $1 Qxd5+ 58. Kxd5 Rxc3 {KR-KB} 59. Be5 Rd3+ 60. Ke4 Rd7 61. Kf4 Rf7+ (61... g5+ $5 62. Kxg5 Rf7 $11) 62. Kg4 {[#]} g5 $1 63. f4 {Precision: White = 61%, Black = 40%.} (63. Kxg5 Rxf3) 1/2-1/2

[Event "EICC 2017"]
[Site "Minsk"]
[Date "2017.06.01"]
[Round "3"]
[White "Gelashvili, Tamaz"]
[Black "Martynov, Roman"]
[Result "1-0"]
[WhiteElo "2563"]
[BlackElo "2323"]
[Annotator "TA"]
[PlyCount "117"]
[EventDate "2017.??.??"]
[EventCountry "BLR"]
[SourceTitle "playchess.com"]
[Source "ChessBase"]
[SourceQuality "1"]

{[%evp 9,117,18,14,-13,-5,0,0,0,0,0,-5,-5,-5,-20,-20,-19,-10,-91,-27,-50,-35,-40,-33,-91,-85,-83,-94,-104,-101,-161,0,0,0,-50,-48,-100,-124,-115,-112,-104,-111,-79,0,0,0,0,0,0,0,0,0,0,0,0,0,0,0,0,0,0,0,0,0,0,5,0,12,12,36,44,62,79,96,8,8,8,4,10,256,80,764,756,748,733,475,289,1731,1683,1498,235,6855,7109,29978,29979,29993,29980,29980,29981,29993,240,29993,29994,29994,29995,29995,29996,29996,29994,29998,29999]} 1. e4 c6 2. d4 d5 3. e5 Bf5 4. h4 Qb6 5. Nc3 h5 6. Be2 {B12: Caro-Kann: Advance Variation} (6. Na4 $5 {[%cal Ra4b6]} Qa5+ 7. c3 $11) 6... e6 7. Nf3 Nd7 8. O-O {The position is equal.} Ne7 9. b3 $146 ({Predecessor:} 9. Rb1 a5 10. b3 Bg4 11. Na4 Qa7 12. c3 Nf5 13. Nb2 b5 {0-1 (29) Kovacevic,A (2616)-Berkes,F (2618) Neum 2008}) 9... Bg4 10. Na4 Qc7 11. c4 Nf5 12. cxd5 cxd5 13. Bg5 (13. Bb2 $11) 13... Ba3 (13... Nb8 $1 $17) 14. b4 Bxb4 15. Qb3 Be7 16. Rac1 ({Better is} 16. Rfc1 $15 Qd8 17. Bxe7 Nxe7 18. Bb5 (18. Qxb7 Rb8 $15)) 16... Qd8 $1 $17 17. Bxe7 Qxe7 18. Rc7 O-O $1 19. Qxb7 (19. Bd3 $17 Bxf3 20. Bxf5) 19... Qa3 (19... Rab8 $1 $19 {[%cal Rb8b7]} 20. Qc6 Bxf3 21. Bxf3 Nxd4 22. Qxd7 Nxf3+ 23. gxf3 Qxh4) 20. Rxd7 $15 Qxa4 21. Bd1 $1 {[%cal Rd1a4]} Qxa2 {Strongly threatening ...Rfb8.} 22. Rxf7 ({White should play} 22. Ng5 $1 $15 Rab8 23. Qc7 Bxd1 24. Rxf7) 22... Bxf3 $1 $17 23. Bxf3 Rxf7 24. Qxa8+ Rf8 25. Qb7 Nxd4 (25... g6 $17 26. Qb4 Nxh4) 26. Bxh5 $11 Qd2 27. g3 Ne2+ 28. Bxe2 Qxe2 {[%mdl 4096] Endgame KQR-KQR} 29. f4 Qe3+ 30. Kg2 Qe4+ 31. Rf3 a5 32. Qb6 Qf5 33. Qxa5 Rc8 34. Qa4 Rc2+ 35. Rf2 Rc3 {Threatens to win with ...Qg4.} 36. Kh2 Rc1 37. Qa3 Rb1 (37... Rc2 $5 {[%cal Rc2f2]} 38. Qe3 Rxf2+ 39. Qxf2 Qd3 $14) 38. Qf3 Ra1 39. Rb2 Rc1 40. g4 Qf8 {[#]} 41. f5 ({White should try} 41. h5 $1 $16) 41... Qd8 42. f6 {Black must now prevent f7+.} Qc7 $1 {[%cal Rc7e5]} 43. Re2 $36 {[%mdl 2048] White wants to play fxg7. White fights for an advantage.} Qc5 $2 (43... Rc3 $1 $11 {and Black is okay.} 44. Qf2 g6) 44. fxg7 $2 (44. Ra2 $18 {and White stays clearly on top.} Qc8 45. fxg7) 44... Kxg7 $2 {[%mdl 8192]} (44... Qg1+ $16 45. Kh3 Kxg7) 45. Rf2 $18 {Threatening mate with Qf7+.} Rc2 {[#]} 46. Rxc2 $1 Qxc2+ {KQ-KQ} 47. Kg3 d4 $2 (47... Qd2 48. h5 (48. Qf6+ Kh7 $16) 48... Kg8) 48. Qf6+ Kh7 49. Qxe6 $2 (49. Qe7+ Kh8 50. Qd8+ Kg7 51. Qf6+ Kh7 52. Qf7+ Kh8 53. Qe8+ Kh7 54. Qd7+ Kh8 55. Qxd4) 49... Qc3+ $2 (49... d3 50. Qd7+ Kh8) 50. Kf4 {Intending Qf7+ and mate.} Qe3+ 51. Kf5 d3 52. Qd7+ Kh8 53. e6 d2 54. e7 $2 (54. Qe8+ {mates} Kh7 55. Qf7+ Kh8 56. Kg6 Qe4+ 57. Kh6 Qe3+ 58. g5 Qxe6+ 59. Qxe6 d1=Q 60. Qe8#) 54... Qf3+ $2 (54... Qc5+ $18 55. Kg6 Qb6+ 56. Kf7 Qb3+ 57. Qe6 Qxe6+ 58. Kxe6 d1=Q 59. e8=Q+ Kg7 60. Qd7+ Qxd7+ 61. Kxd7 Kf7) 55. Kg6 {White mates.} Qe4+ 56. Qf5 d1=Q 57. Qxe4 {[%cal Re7e8]} Qd6+ 58. Kh5 Qg6+ 59. Kxg6 {Precision: White = 50%, Black = 43%.} 1-0

[Event "EICC 2017"]
[Site "Minsk"]
[Date "2017.06.01"]
[Round "3"]
[White "Aleksandrov, Aleksej"]
[Black "Moiseenko, Alexander"]
[Result "1-0"]
[WhiteElo "2559"]
[BlackElo "2677"]
[Annotator "TA"]
[PlyCount "69"]
[EventDate "2017.??.??"]
[EventCountry "BLR"]
[SourceTitle "playchess.com"]
[Source "ChessBase"]
[SourceQuality "1"]

{[%evp 17,69,18,18,18,22,37,47,18,19,14,74,56,75,83,85,88,111,118,135,126,281,304,316,310,312,313,333,348,339,306,313,312,348,333,6014,7308,2281,2161,6479,6395,2610,1656,976,0,1068,1039,29986,29987,29987,29988,29988,29989,29988,29989]} 1. d4 Nf6 2. c4 e6 3. Nc3 Bb4 4. Qc2 d5 5. cxd5 exd5 6. Bg5 {[%cal Bc1g5,Bg5h4,Bh4g3][%mdl 32]} h6 7. Bh4 c5 8. dxc5 g5 9. Bg3 Ne4 {Hoping for ...Qa5.} 10. e3 {E35: Nimzo-Indian: Classical: 4...d5 5 cxd5 exd5} Qa5 {[%cal Re4c3]} (10... Bf5 11. Bxb8 Nxc3 12. Qxf5 Ne4+ 13. Ke2 Qxb8 14. Qxd5 {1-0 (14) Nakamura,H (2779)-Topalov,V (2760) Saint Louis 2016}) 11. Nge2 Bf5 12. Bxb8 {White is slightly better.} (12. Be5 $5 {[%cal Re5h8]} O-O 13. Nd4 $11) 12... Rxb8 13. Nd4 {Strongly threatening f3.} Bg6 (13... Bd7 $11 {keeps the balance.} 14. Bd3 Ba4 15. Qxa4+ Qxa4 16. Bb5+ Qxb5 17. Ndxb5 Rc8) 14. Bb5+ Kf8 {[%cal Re4c3]} 15. Bd3 $36 {[%mdl 2048] White has strong initiative.} Nxc3 16. O-O $1 Ne4 17. a3 $1 {[%cal Ra3b4]} Bxc5 $146 ({Avoid the trap} 17... Bd2 $2 18. b4 $18) ({Predecessor:} 17... Qxc5 18. axb4 Qxc2 19. Bxc2 {½-½ (48) Akhmadeev,V (2419)-Shcherbakov,R (2500) Kazan 2009}) 18. b4 Bxb4 $2 (18... Qc7 $16) 19. axb4 $18 Qxb4 {[#]} 20. Rfb1 $1 {[%cal Rb1b4]} ({Not} 20. Rxa7 Qb6 $16) 20... Qd6 {[#]} 21. f3 $1 ({Weaker is} 21. Rxa7 Kg7 $16) 21... Nf6 22. Bxg6 fxg6 23. Rxa7 Qe7 24. Qc1 Kf7 {[#]} 25. Nc6 $1 {[%cal Rc6e7][%mdl 512]} bxc6 $2 (25... Rhc8) 26. Rxe7+ Kxe7 27. Qc5+ Ke6 28. Qxc6+ Ke7 29. Qc5+ Ke6 30. Qc6+ Ke7 $1 31. Ra1 {White wants to mate with Ra7+.} Rhd8 32. Ra6 {White mates.} Rb1+ 33. Kf2 Rb2+ 34. Kg3 Nh5+ 35. Kh3 {Precision: White = 87%, Black = 27%.} 1-0